00262pab a2200109 454500008004000000245004400040260000900084300000900093362001300102650002600115773001100141180718b1986 xxu||||| |||| 00| 0 eng d aSpecial issue on focus on public sector c1986 a4-28 a16 Sept. aGovernment Enterprise aYojana